| 000 | 00988nam a2200265 a 4500 | ||
|---|---|---|---|
| 001 | BRCA_1528 | ||
| 005 | 20190320203448.0 | ||
| 008 | 021002s2001 mx-a---###---#000-0#spa-# | ||
| 020 | _a9685059446 | ||
| 040 |
_aDLC _cDLC |
||
| 041 |
_aengspa _hspa |
||
| 050 | 4 |
_aN910.B76 _b.M35 2001 |
|
| 245 | 1 | 0 |
_aMalba _bColección Costantini : Museo de Arte Latinoamericano de Buenos Aires _cintroduction Marcelo E. Pacheco ; textos Patricia Artundo ... [et al.]. |
| 260 |
_aMéxico _bLanducci _c2001 |
||
| 300 |
_a479 p. _bil. (algunas a color) _c34 cm. |
||
| 500 | _aIncluye biografías y cronología | ||
| 504 | _aBibliografía: p. 473-477 | ||
| 610 | 2 | 4 |
_aMuseo de Arte Latinoamericano de Buenos Aires _vCatálogos _94938 |
| 650 | 1 | 4 |
_aArte Latinoamericano _vCatálogos _ySiglo XX _94939 |
| 650 | 1 | 4 |
_aArte _vCatálogos _zArgentina _94940 |
| 650 | 1 | 4 |
_aArte _vCatálogos _xMuseos _zArgentina _94941 |
| 700 | 1 |
_aPacheco, Marcelo Eduardo _94942 |
|
| 700 | 1 |
_aArtundo, Patricia _94943 |
|
| 942 |
_2lcc _cB |
||
| 999 |
_c1376 _d1376 |
||